| 000 | 00575nam a2200217Ia 4500 | ||
|---|---|---|---|
| 003 | OSt | ||
| 005 | 20230518103410.0 | ||
| 008 | 210423s2012 xx 000 0 und d | ||
| 020 | _a978-0-415-41003-8 | ||
| 040 | _cAL | ||
| 041 | _aeng | ||
| 082 |
_a801.95 CARL _223 |
||
| 100 |
_aCARTER (Ronald);STOCKWELL (Peter). _9107766 |
||
| 245 | _aLanguage and literature reader. | ||
| 260 |
_aNew Delhi _bRoutledge _c2012 |
||
| 300 |
_axii,306 _bPB |
||
| 365 |
_b795 _cINR |
||
| 650 |
_aLiterary Theory _9107767 |
||
| 906 | _aLanguage ; literature ; reader. | ||
| 942 |
_2ddc _cBK |
||
| 999 |
_c165035 _d165035 |
||